La Salve a la Virgen - Estadísticas

Estadísticas generales
  • Esta prueba ha sido intentada 47 veces
    19 desde el último reinicio
  • La puntuación promedio es 65 de 69
Estadísticas de respuestas
Palabras % Correcto
A
100%
a
100%
a
100%
a
100%
de
100%
de
100%
de
100%
de
100%
de
100%
desterrados
100%
Dios
100%
Dios
100%
dulzura
100%
Ea,
100%
en
100%
esperanza
100%
este
100%
este
100%
Eva,
100%
gimiendo
100%
hijos
100%
lágrimas.
100%
llorando,
100%
los
100%
Madre
100%
María
100%
misericordia;
100%
nuestra,
100%
nuestra,
100%
pues,
100%
Reina
100%
salve,
100%
salve.
100%
te
100%
te
100%
valle
100%
Vida,
100%
y
100%
y
100%
y
100%
y
100%
abogada
94%
clamamos
94%
misericordiosos;
94%
ojos
94%
suspiramos,
94%
ti
94%
ti
94%
tu
94%
Clementísima,
88%
Dulce
88%
Oh
88%
oh
88%
oh
88%
Piadosa,
88%
Señora,
88%
Virgen
88%
bendito
81%
después
81%
destierro,
81%
esos
81%
fruto
81%
Jesús,
81%
muéstranos
81%
nosotros
81%
tus
81%
vientre.
81%
vuelve
81%
siempre
75%
No se encontraron pruebas coincidentes
Distribución de puntuación
Porcentaje de gente con cada puntuación
Porcentaje por número respondido
Historial de tus puntuaciones
No has intentado esta prueba desde el último reinicio